| 000 | 00829pam a2200241 a 4500 | ||
|---|---|---|---|
| 999 |
_c2291 _d2291 |
||
| 003 | OSt | ||
| 005 | 20210708063719.0 | ||
| 008 | 960520s1997 njua b 001 0 eng | ||
| 020 | _a0024154253 | ||
| 040 | _cDLC | ||
| 050 | 0 | 0 |
_aTK5105 _b.S73 1997 |
| 100 | 1 | _aStallings, William. | |
| 245 | 1 | 0 |
_aData and computer communications / _cWilliam Stallings. |
| 250 | _a5th ed. | ||
| 260 |
_aUpper Saddle River, N.J. : _bPrentice Hall, _cc1997. |
||
| 300 |
_axviii, 798 p. : _bill. (some col.) ; _c24 cm. |
||
| 504 | _aIncludes bibliographical references (p. [785]-790) and index. | ||
| 650 | 0 | _aData transmission systems. | |
| 650 | 0 | _aComputer networks. | |
| 906 |
_a7 _bcbc _corignew _d1 _eocip _f19 _gy-gencatlg |
||
| 942 |
_2lcc _cBK _nSO |
||